00357nam a22000977a 4500008004100000082002200041245012400063260003800187300001000225710002400235230609b xxu||||| |||| 00| 0 eng d a354.62007232bGOK aReport of the Public Accounts Committee on the Government of Kenya Accounts for the Year 2000/2001cGovernment of Kenya aKenya bGovernment of Kenyac2001 a549 p bGovernment of Kenya